Statistiques concernant Voitures : Les plus rapides (+Voiture lente)

Cliquez ici pour prendre le quiz!

Statistiques générales

  • Ce quiz a été pris 155 fois
  • Le résultat moyen est 6 sur 15

Statistiques - réponses

MarqueVitesse (km/h)Puissance (chevaux)Modèle% Correct
Bugatti431,0721001Veyron Super Sport
89%
Koenigsegg447,21360Agera RS
81%
Koenigsegg4001500Regera
54%
McLaren386,4627F1
47%
Bugatti5001850Bolide
45%
Rimac4151900Nevera
38%
Hennessey4341800Venom F5
36%
Aston Martin402 ?1160Valkyrie
33%
Bugatti490,4841600Chiron Super Sport 300+
28%
Koenigsegg4001700Gemera
26%
McLaren4021050Speedtail
26%
Koenigsegg4981600Jesko Absolut
25%
SSC4601750Tuatara
22%
Aspark400 ?2012 (oui, en chevaux)Owl
12%
Renault8017Twizy
9%

Distribution des résultats

Percentile par nombre de réponses

% des personnes avec chaque résultat

Votre développement - résultats

Vous n’avez pas pris ce quiz